[Event "Women's Speed Chess Q1"]
[Site "chess.com INT"]
[Date "2020.06.18"]
[Round "7"]
[White "Toncheva, Nadya"]
[Black "Tereladze, Sopiko"]
[Result "0-1"]
[WhiteTitle "WFM"]
[BlackTitle "WIM"]
[WhiteElo "2064"]
[BlackElo "2141"]
[WhiteFideId "2924056"]
[BlackFideId "13600486"]
[EventDate "2020.06.18"]

1. e4 d6 2. d4 e5 3. d5 g6 4. Nc3 Bg7 5. Be3 Ne7 6. Qd2 O-O 7. f3 f5 8. O-O-O a6
9. h4 f4 10. Bf2 b5 11. Kb1 Nd7 12. g4 h6 13. g5 h5 14. Bh3 Nb6 15. Bxc8 Nexc8
16. Nh3 Nc4 17. Qd3 Rb8 18. b3 Qd7 19. Ka1 N4b6 20. Be1 Qe7 21. Nf2 Nd7 22. Ne2
Nc5 23. Qc3 Nb6 24. Nd3 Nbd7 25. Bf2 Nxd3 26. cxd3 Rfc8 27. Rc1 Nb6 28. Rc2 Rb7
29. Rhc1 Na8 30. Qc6 Rcb8 31. Qxa6 Nb6 32. Bxb6 Rxb6 33. Qa3 R6b7 34. Qa5 Rc8
35. Rc6 Qd7 36. Rh1 Bf8 37. Nc3 Rcb8 38. Qb4 Be7 39. Kb2 Bd8 40. Kc2 Ra7 41. Kd2
Rab7 42. Ke2 Rb6 43. Kf2 Rxc6 44. dxc6 Qxc6 45. Kg2 Qd7 46. Nd5 c6 47. Nf6+ Bxf6
48. gxf6 Kf7 49. Rg1 Kxf6 50. Kh2 c5 51. Qd2 Rb7 52. Qg2 Qg7 53. Qg5+ Kf7 54.
Qd8 Qf6 55. Qxf6+ Kxf6 56. Rg2 Ra7 57. Kg1 Rc7 58. Kf1 c4 59. dxc4 bxc4 60. bxc4
Rxc4 61. Ke1 Rc3 62. Rf2 g5 63. hxg5+ Kxg5 64. Kf1 h4 65. Kg2 Ra3 66. Rb2 h3+
67. Kxh3 Rxf3+ 68. Kg2 Re3 69. Rd2 Rxe4 70. Rxd6 Re2+ 71. Kf3 Rxa2 72. Rd5 Kf5
73. Rb5 Ra3+ 74. Kf2 f3 75. Rc5 Kf4 76. Rc8 Ra2+ 77. Kf1 e4 78. Rc7 Ra1+ 79. Kf2
e3# 0-1

[Event "Women's Speed Chess Q1"]
[Site "chess.com INT"]
[Date "2020.06.18"]
[Round "7"]
[White "Li, Xueyi"]
[Black "Mammadova, Gulnar"]
[Result "0-1"]
[WhiteTitle "WGM"]
[BlackTitle "IM"]
[WhiteElo "2328"]
[BlackElo "2382"]
[WhiteFideId "8605912"]
[BlackFideId "13403508"]
[EventDate "2020.06.18"]

1. Nf3 g6 2. g3 Bg7 3. Bg2 d6 4. d4 Nd7 5. c4 e5 6. Nc3 Ne7 7. O-O O-O 8. dxe5
dxe5 9. Bg5 f6 10. Bc1 Nc6 11. b3 f5 12. Ba3 Re8 13. e4 Nd4 14. exf5 gxf5 15.
Nxd4 exd4 16. Nd5 c6 17. Nf4 Nf6 18. Qd3 Ne4 19. Rae1 Qa5 20. b4 Qd8 21. Bxe4
fxe4 22. Rxe4 Bg4 23. Bb2 Qd7 24. Rfe1 Rxe4 25. Qxe4 Bf5 26. Qe7 Qxe7 27. Rxe7
Bf6 28. Re1 a5 29. Nh5 Bh8 30. bxa5 d3 31. Bc1 Bc3 32. Re7 Rxa5 33. Re8+ Kf7 34.
Rd8 Bg6 35. Nf4 Ke7 36. Rb8 d2 37. Nxg6+ hxg6 38. Bxd2 Bxd2 39. Rxb7+ Kf6 40.
Rd7 Bb4 41. h4 Rxa2 42. Rc7 Ra6 43. g4 Bd6 44. Rd7 Bc5 45. g5+ Kf5 46. Kg2 Ra2
47. Kh3 Rxf2 48. Rf7+ Ke6 49. Rg7 Be7 50. Rxg6+ Kd7 51. h5 Rf1 52. h6 c5 53. Rg7
Rh1+ 54. Kg4 Ke6 55. h7 Bd6 56. g6 Rg1+ 57. Kf3 Rh1 58. Rg8 Be5 59. Re8+ Kf6 60.
Rxe5 Kxg6 61. Rxc5 Rxh7 62. Re5 Kf6 63. Re4 Rh3+ 64. Ke2 Rc3 65. Kd2 Ra3 66. c5
Kf5 67. Re1 Ra2+ 68. Kd3 Ra4 69. Rc1 Ke6 70. c6 Ra8 71. Kd4 Kd6 72. c7 Rc8 0-1

[Event "Women's Speed Chess Q1"]
[Site "chess.com INT"]
[Date "2020.06.18"]
[Round "7"]
[White "Buksa, Nataliya"]
[Black "Balabayeva, Xeniya"]
[Result "1/2-1/2"]
[WhiteTitle "IM"]
[BlackTitle "WFM"]
[WhiteElo "2410"]
[BlackElo "2146"]
[WhiteFideId "14123622"]
[BlackFideId "13719688"]
[EventDate "2020.06.18"]

1. d4 Nf6 2. Nc3 d5 3. Bf4 Bf5 4. e3 c6 5. Nf3 e6 6. Ne5 Bd6 7. f3 h5 8. Bd3
Bxd3 9. Qxd3 Qe7 10. O-O-O Nbd7 11. h4 O-O-O 12. e4 dxe4 13. fxe4 Nxe5 14. dxe5
Bxe5 15. Qg3 Bxf4+ 16. Qxf4 Ng4 17. a3 f6 18. Na4 b6 19. Qf3 Qc7 20. Kb1 Kb7 21.
Qb3 Qe5 22. Qb4 c5 23. Qc4 Nf2 24. Rxd8 Rxd8 25. Re1 Rd4 26. Qb5 Qc7 27. Nc3 Ng4
28. Qe8 Rd7 29. Qxe6 Ne5 30. Nd5 Qd8 31. Qf5 Qe8 32. a4 Nc4 33. b3 Nd6 34. Qf4
Nf7 35. Nc3 Ne5 36. Nd5 c4 37. Qe3 cxb3 38. cxb3 Nc6 39. Qc3 Qe6 40. Kb2 Qd6 41.
Rc1 f5 42. Nb4 Rc7 43. Nxc6 Rxc6 44. Qxg7+ Ka6 45. Rxc6 Qxc6 46. Qd4 fxe4 47. g3
Qe6 48. Qc4+ Qxc4 49. bxc4 Ka5 50. Kb3 e3 51. Kc3 Kxa4 52. Kd3 Kb4 53. Kxe3 Kxc4
54. Ke4 a5 55. g4 a4 56. g5 a3 57. g6 a2 58. g7 a1=Q 59. g8=Q+ Kb4 60. Qf8+ Kb5
61. Qe8+ Kb4 62. Qe7+ Kb5 63. Qd7+ Kc5 64. Qc7+ Kb5 65. Qd7+ Kc5 66. Qe7+ Kb5
67. Qe8+ Kc5 68. Qf8+ Kb5 69. Qf5+ Kc6 70. Qd5+ Kc7 71. Qf7+ Kc6 72. Qg6+ Kc7
73. Qg3+ Kc6 74. Qg6+ Kc7 75. Qf7+ Kc6 76. Qe6+ Kc7 77. Qe7+ Kc6 78. Qe8+ Kc7
79. Qxh5 Qa4+ 80. Kf3 Qb3+ 81. Kf4 Qc4+ 82. Kg5 Qd5+ 83. Kh6 Qe6+ 84. Qg6 Qe3+
85. Kh7 b5 86. h5 b4 87. h6 b3 88. Qf7+ Kb6 89. Qf6+ Kb7 90. Kg7 Qg3+ 91. Kf8
Qb8+ 92. Kf7 Qc7+ 93. Kg8 Qc8+ 94. Kh7 Qc7+ 95. Qg7 b2 96. Qxc7+ Kxc7 97. Kg8
b1=Q 98. h7 Qb8+ 99. Kg7 Qb2+ 100. Kg8 Qb3+ 101. Kg7 Qc3+ 102. Kg8 Qc4+ 103. Kg7
Qd4+ 104. Kg8 Qd5+ 105. Kg7 Qe5+ 106. Kg8 Qe6+ 107. Kg7 Qg4+ 108. Kf8 Qh5 109.
Kg8 Qg6+ 110. Kh8 Kd7 1/2-1/2

[Event "Women's Speed Chess Q1"]
[Site "chess.com INT"]
[Date "2020.06.18"]
[Round "8"]
[White "Cori T., Deysi"]
[Black "Skuhala, Barbara"]
[Result "1-0"]
[WhiteTitle "WGM"]
[BlackTitle "WFM"]
[WhiteElo "2388"]
[BlackElo "2095"]
[WhiteFideId "3801934"]
[BlackFideId "14605465"]
[EventDate "2020.06.18"]

1. d4 d5 2. Nf3 Nf6 3. c4 c6 4. Nc3 e6 5. Bg5 Be7 6. e3 Nbd7 7. Qc2 O-O 8. Rd1
b6 9. Bd3 h6 10. Bh4 Bb7 11. O-O Re8 12. Rfe1 Rc8 13. e4 dxe4 14. Nxe4 Nxe4 15.
Bxe7 Qxe7 16. Bxe4 Nf6 17. c5 Nxe4 18. Rxe4 bxc5 19. dxc5 Ba6 20. Red4 Red8 21.
Qd2 Rxd4 22. Qxd4 Rb8 23. b4 Be2 24. Qe5 Bxd1 25. Qxb8+ Kh7 26. Qd6 1-0

[Event "Women's Speed Chess Q1"]
[Site "chess.com INT"]
[Date "2020.06.18"]
[Round "8"]
[White "Muminova, Nafisa"]
[Black "Buksa, Nataliya"]
[Result "1-0"]
[WhiteTitle "WGM"]
[BlackTitle "IM"]
[WhiteElo "2274"]
[BlackElo "2410"]
[WhiteFideId "14201526"]
[BlackFideId "14123622"]
[EventDate "2020.06.18"]

1. d4 d5 2. Nc3 e6 3. Bf4 Bd6 4. e3 Bxf4 5. exf4 Nf6 6. Nf3 O-O 7. Ne5 a6 8. g4
Ne4 9. Bd3 f6 10. Nf3 Nxc3 11. bxc3 Qd6 12. Qd2 c5 13. O-O Nc6 14. Rfe1 b5 15.
h3 c4 16. Bf1 Rb8 17. a3 a5 18. Bg2 Bd7 19. g5 Kh8 20. Nh2 Ne7 21. Ng4 Ng6 22.
gxf6 gxf6 23. f5 exf5 24. Ne3 Be6 25. Qe2 Nf4 26. Qf3 Rg8 27. Kh1 Bf7 28. Nxf5
Qd7 29. Qxf4 Be6 30. Ng3 Rg6 31. Qxb8+ 1-0

[Event "Women's Speed Chess Q1"]
[Site "chess.com INT"]
[Date "2020.06.18"]
[Round "8"]
[White "Limontaite, Simona"]
[Black "Castillo Pena, Patricia Evarista"]
[Result "1-0"]
[WhiteTitle "WIM"]
[BlackTitle "WCM"]
[WhiteElo "2171"]
[BlackElo "1770"]
[WhiteFideId "12802506"]
[BlackFideId "6412106"]
[EventDate "2020.06.18"]

1. d4 d5 2. c4 c6 3. Nc3 Nf6 4. e3 e6 5. Nf3 Nbd7 6. Bd3 dxc4 7. Bxc4 b5 8. Bd3
Bb7 9. e4 b4 10. Na4 c5 11. e5 Nd5 12. dxc5 Nxc5 13. Nxc5 Bxc5 14. O-O a6 15.
Ng5 h6 16. Qh5 O-O 17. Bh7+ Kh8 18. Nxf7+ Rxf7 19. Qxf7 Kxh7 20. Qxb7 Ra7 21.
Qc6 Rc7 22. Qxe6 1-0

[Event "Women's Speed Chess Q1"]
[Site "chess.com INT"]
[Date "2020.06.18"]
[Round "8"]
[White "Lahav, Michal"]
[Black "Perez Rodriguez, Jennifer"]
[Result "0-1"]
[WhiteTitle "WIM"]
[BlackTitle "WIM"]
[WhiteElo "2219"]
[BlackElo "2251"]
[WhiteFideId "2813742"]
[BlackFideId "3507831"]
[EventDate "2020.06.18"]

1. e4 e5 2. Nf3 Nc6 3. Bb5 f5 4. d3 fxe4 5. dxe4 Nf6 6. O-O Bc5 7. Nc3 d6 8. Bc4
Na5 9. Bb5+ Nc6 10. Bg5 O-O 11. Nd5 Kh8 12. h3 Ne7 13. Nxf6 gxf6 14. Bh6 Rg8 15.
Kh2 Rg6 16. Bd2 c6 17. Bd3 Qd7 18. Nh4 Rxg2+ 19. Nxg2 Qxh3+ 20. Kg1 Bg4 21. Be2
Bxe2 22. Qxe2 Rg8 0-1

[Event "Women's Speed Chess Q1"]
[Site "chess.com INT"]
[Date "2020.06.18"]
[Round "8"]
[White "Karnaukhova, Elmira"]
[Black "Azhar, Puteri Munajjah Az-Zahraa"]
[Result "1-0"]
[WhiteTitle "WGM"]
[BlackTitle "WIM"]
[WhiteElo "2319"]
[BlackElo "2046"]
[WhiteFideId "4148827"]
[BlackFideId "5709040"]
[EventDate "2020.06.18"]

1. d4 e5 2. dxe5 Nc6 3. Nf3 Qe7 4. Qd5 Nb4 5. Qb3 Qc5 6. Nc3 a5 7. a3 Na6 8. Be3
Qe7 9. O-O-O c6 10. g3 Qd8 11. Ne4 b5 12. Bh3 Bb7 13. Rxd7 Qxd7 14. Bxd7+ Kxd7
15. Qxf7+ 1-0

[Event "Women's Speed Chess Q1"]
[Site "chess.com INT"]
[Date "2020.06.18"]
[Round "8"]
[White "Smietanska, Wiktoria"]
[Black "Petrova, Irina"]
[Result "0-1"]
[WhiteTitle "CM"]
[BlackTitle "WIM"]
[WhiteElo "1593"]
[BlackElo "2087"]
[WhiteFideId "21869359"]
[BlackFideId "14124122"]
[EventDate "2020.06.18"]

1. c4 e5 2. Nc3 d6 3. g3 Nc6 4. Bg2 f5 5. e3 Nf6 6. d4 e4 7. h4 g6 8. Nh3 Bg7 9.
Nf4 O-O 10. a3 Ne7 11. b4 c6 12. Qb3 Bd7 13. c5+ d5 14. a4 h6 15. b5 Ng4 16.
bxc6 bxc6 17. O-O Rb8 18. Qa2 g5 19. hxg5 hxg5 20. Nh3 Ng6 21. Bd2 Be6 22. f3
exf3 23. Bxf3 Nh6 24. Bg2 f4 25. gxf4 gxf4 26. Nxf4 Nxf4 27. Rxf4 Rxf4 28. exf4
Bxd4+ 29. Kf1 Qh4 30. Nd1 Bh3 31. Bxh3 Qxh3+ 32. Ke2 Re8+ 33. Be3 Rxe3+ 34. Nxe3
Qxe3+ 35. Kd1 Qg1+ 36. Ke2 Qxa1 37. Qc2 Qb2 0-1

[Event "Women's Speed Chess Q1"]
[Site "chess.com INT"]
[Date "2020.06.18"]
[Round "8"]
[White "Starosta, Martyna"]
[Black "Bouah, Denise"]
[Result "1-0"]
[WhiteTitle "WCM"]
[BlackTitle "WIM"]
[WhiteElo "2079"]
[BlackElo "1770"]
[WhiteFideId "21818754"]
[BlackFideId "14300818"]
[EventDate "2020.06.18"]

1. e4 c5 2. Nf3 d6 3. d4 cxd4 4. Nxd4 Nf6 5. Nc3 Nc6 6. Bc4 a6 7. O-O Qb6 8.
Nxc6 Qxc6 9. Bd3 b5 10. a4 b4 11. Nd5 Nxd5 12. exd5 Qc7 13. a5 Bb7 14. Be4 e6
15. Be3 exd5 16. Bxd5 Bxd5 17. Qxd5 Rd8 18. Bb6 Qd7 19. Bxd8 Qxd8 20. Rfe1+ Be7
21. Qb7 Qd7 22. Qa8+ Qd8 23. Qxa6 O-O 24. Qb7 Re8 25. a6 d5 26. a7 Bd6 27. Rxe8+
Qxe8 28. a8=Q 1-0

[Event "Women's Speed Chess Q1"]
[Site "chess.com INT"]
[Date "2020.06.18"]
[Round "8"]
[White "Ushenina, Anna"]
[Black "Goryachkina, Aleksandra"]
[Result "1/2-1/2"]
[WhiteTitle "GM"]
[BlackTitle "GM"]
[WhiteElo "2416"]
[BlackElo "2582"]
[WhiteFideId "14110911"]
[BlackFideId "4147103"]
[EventDate "2020.06.18"]

1. d4 d5 2. Nf3 Nf6 3. Bf4 Bf5 4. Nh4 Bg6 5. Nxg6 hxg6 6. e3 e6 7. Nd2 Bd6 8.
Bg5 Nbd7 9. c4 c6 10. h3 Nf8 11. Be2 N8h7 12. Bxf6 Nxf6 13. a3 Qe7 14. Qc2 O-O
15. O-O e5 16. dxe5 Bxe5 17. Nf3 Bc7 18. Rfd1 Rad8 19. cxd5 Nxd5 20. Bc4 Nb6 21.
Bb3 Qf6 22. h4 Qf5 23. Qxf5 gxf5 24. a4 a5 25. g3 g6 26. Kg2 Kg7 27. Ng5 Rd6 28.
Rxd6 Bxd6 29. Rd1 Be7 30. Rd2 Bxg5 31. hxg5 Re8 32. Rd4 Kf8 33. Bc2 Nd5 34. Bb3
Nb6 35. Bc2 Nd5 36. Bb3 Nb6 1/2-1/2

[Event "Women's Speed Chess Q1"]
[Site "chess.com INT"]
[Date "2020.06.18"]
[Round "8"]
[White "Soumya, Swaminathan"]
[Black "Vidruska, Renate"]
[Result "1-0"]
[WhiteTitle "IM"]
[BlackTitle "WFM"]
[WhiteElo "2351"]
[BlackElo "2045"]
[WhiteFideId "5016193"]
[BlackFideId "11601841"]
[EventDate "2020.06.18"]

1. Nf3 Nf6 2. c4 e6 3. g3 d5 4. Bg2 Be7 5. O-O O-O 6. b3 c5 7. Bb2 d4 8. b4 Nc6
9. bxc5 Bxc5 10. d3 e5 11. Na3 a6 12. Nc2 Re8 13. Rb1 Rb8 14. Nd2 Ba7 15. Ba3
Bd7 16. c5 b5 17. cxb6 Bxb6 18. Nc4 Bc7 19. Qd2 Na5 20. Rxb8 Nxc4 21. Rxd8 Nxd2
22. Rxe8+ Bxe8 23. Rd1 Ba5 24. Bb4 Ba4 25. Bxa5 1-0

[Event "Women's Speed Chess Q1"]
[Site "chess.com INT"]
[Date "2020.06.18"]
[Round "8"]
[White "Cyfka, Karina"]
[Black "Cagara, Paulina"]
[Result "1-0"]
[WhiteTitle "IM"]
[WhiteElo "2411"]
[BlackElo "2054"]
[WhiteFideId "1122681"]
[BlackFideId "1124870"]
[EventDate "2020.06.18"]

1. d4 f5 2. g3 Nf6 3. Bg2 g6 4. Nh3 d6 5. Nf4 c6 6. h4 e5 7. dxe5 dxe5 8. Qxd8+
Kxd8 9. Nd3 e4 10. Ne5 Be6 11. Nc3 Bd6 12. Bf4 Ke7 13. O-O-O Nd5 14. Nxd5+ cxd5
15. c4 Bxe5 16. Bxe5 Rc8 17. Kb1 dxc4 18. h5 Nc6 19. Bc3 Rd8 20. hxg6 Rxd1+ 21.
Rxd1 hxg6 22. Rh1 Bg8 23. f3 e3 24. f4 Rc8 25. Rh8 Be6 26. Rh7+ Bf7 27. Bd5 Nd8
28. Bb4+ Kf6 29. Bc3+ Ke7 30. a4 b6 31. Kc2 Kf8 32. Rh8+ Ke7 33. Bxf7 Kxf7 34.
Rh7+ Ke6 35. Rxa7 Nf7 36. Ra6 g5 37. Rxb6+ Ke7 38. fxg5 Nxg5 39. Bf6+ 1-0

[Event "Women's Speed Chess Q1"]
[Site "chess.com INT"]
[Date "2020.06.18"]
[Round "8"]
[White "Kairbekova, Amina"]
[Black "Sedina, Elena"]
[Result "1-0"]
[WhiteTitle "WFM"]
[BlackTitle "IM"]
[WhiteElo "2065"]
[BlackElo "2299"]
[WhiteFideId "13712799"]
[BlackFideId "812153"]
[EventDate "2020.06.18"]

1. e4 e6 2. d4 d5 3. Nc3 Bb4 4. e5 c5 5. a3 Bxc3+ 6. bxc3 Ne7 7. Qg4 Qc7 8. Bd3
c4 9. Be2 Qa5 10. Bd2 Nf5 11. Nf3 Nc6 12. Nh4 Nce7 13. Nxf5 Nxf5 14. O-O Bd7 15.
Qf4 h6 16. Bg4 O-O-O 17. Bxf5 exf5 18. Qf3 Be6 19. g3 g5 20. Qh5 Rdg8 21. f4 Qd8
22. Rab1 Kb8 23. Rb2 Ka8 24. Rfb1 b6 25. a4 Qd7 26. Rb5 Rb8 27. Qf3 Qc7 28. Kf2
Qc6 29. Kg2 gxf4 30. Bxf4 h5 31. h4 Rbg8 32. Kf2 Rg7 33. Bg5 Rhg8 34. a5 bxa5
35. Rxa5 Rb8 36. Rba1 Rb7 37. Qxh5 Kb8 38. Qh8+ 1-0

[Event "Women's Speed Chess Q1"]
[Site "chess.com INT"]
[Date "2020.06.18"]
[Round "8"]
[White "Antolak, Julia"]
[Black "Shuvalova, Polina"]
[Result "0-1"]
[WhiteTitle "WIM"]
[BlackTitle "WGM"]
[WhiteElo "2323"]
[BlackElo "2454"]
[WhiteFideId "1159569"]
[BlackFideId "24171760"]
[EventDate "2020.06.18"]

1. e4 c6 2. d4 d5 3. Nc3 dxe4 4. Nxe4 Bf5 5. Ng3 Bg6 6. h4 h6 7. Nf3 Nd7 8. h5
Bh7 9. Bd3 Bxd3 10. Qxd3 e6 11. Bd2 Ngf6 12. O-O-O Be7 13. Kb1 Qb6 14. Ne4 Rd8
15. Bc1 O-O 16. Ned2 c5 17. Nc4 Qa6 18. Nce5 b5 19. Qe3 Nxe5 20. dxe5 Nd5 21.
Qe2 c4 22. g4 b4 23. g5 Nc3+ 24. bxc3 bxc3 25. Rxd8 Rxd8 26. Nd2 cxd2 27. Bxd2
Qb7+ 28. Ka1 Qxh1+ 0-1

[Event "Women's Speed Chess Q1"]
[Site "chess.com INT"]
[Date "2020.06.18"]
[Round "8"]
[White "Paramzina, Anastasya"]
[Black "Grigoryan, Meri"]
[Result "1-0"]
[WhiteTitle "WGM"]
[BlackTitle "WFM"]
[WhiteElo "2209"]
[BlackElo "2044"]
[WhiteFideId "4165012"]
[BlackFideId "13300571"]
[EventDate "2020.06.18"]

1. e4 e5 2. Nf3 Nc6 3. Bc4 Nf6 4. d3 d5 5. exd5 Nxd5 6. Bg5 Be7 7. Bxe7 Ndxe7 8.
Nc3 Ng6 9. h4 Be6 10. Bxe6 fxe6 11. g3 Nd4 12. h5 O-O 13. Nxd4 exd4 14. hxg6
dxc3 15. Rxh7 Qd5 16. Qg4 Rf5 17. Qh4 1-0

[Event "Women's Speed Chess Q1"]
[Site "chess.com INT"]
[Date "2020.06.18"]
[Round "8"]
[White "Zhao, Xue"]
[Black "Demchenko, Svitlana"]
[Result "1-0"]
[WhiteTitle "GM"]
[BlackTitle "WIM"]
[WhiteElo "2486"]
[BlackElo "2071"]
[WhiteFideId "8601283"]
[BlackFideId "14149893"]
[EventDate "2020.06.18"]

1. Nf3 Nf6 2. e3 g6 3. c4 Bg7 4. d4 d6 5. Nc3 O-O 6. Be2 Nc6 7. O-O e5 8. b3 Bg4
9. dxe5 dxe5 10. Ba3 Re8 11. h3 Bf5 12. Nh2 Ne4 13. Nd5 Be6 14. Rc1 f5 15. Qc2
Qd7 16. Rfd1 Qf7 17. b4 Rad8 18. b5 Nb8 19. Nf3 c6 20. bxc6 bxc6 21. Nb4 a5 22.
Nd3 Nd7 23. Qa4 f4 24. Qxc6 Bf5 25. exf4 exf4 26. Nxf4 Nc3 27. Rxc3 Bxc3 28. Ng5
Qg7 29. Qd5+ Kh8 30. Nf7+ Kg8 31. Nxd8+ 1-0

[Event "Women's Speed Chess Q1"]
[Site "chess.com INT"]
[Date "2020.06.18"]
[Round "8"]
[White "Koridze, Lile"]
[Black "Gokbulut, Julia"]
[Result "1-0"]
[WhiteTitle "WFM"]
[BlackTitle "WFM"]
[WhiteElo "1996"]
[BlackElo "1970"]
[WhiteFideId "13612514"]
[BlackFideId "4153979"]
[EventDate "2020.06.18"]

1. d4 Nf6 2. c4 e6 3. g3 d5 4. Bg2 Bb4+ 5. Bd2 Bxd2+ 6. Qxd2 c6 7. Qc2 O-O 8.
Nf3 Nbd7 9. O-O Qe7 10. b3 e5 11. dxe5 Nxe5 12. Nxe5 Qxe5 13. Nd2 Bf5 14. Qc1
Qxe2 15. Nf3 Qc2 16. Qf4 Be4 17. Nd4 Qb2 18. Nf5 Bxf5 19. Qxf5 Rfe8 20. h4 Re5
21. Qf4 Rae8 22. cxd5 Nxd5 23. Qa4 a6 24. Qc4 Nf6 25. Rad1 Qe2 26. Qb4 Qb5 27.
Qd6 Re2 28. Bf3 Rxa2 29. Rfe1 c5 30. Rxe8+ Nxe8 31. Qe7 g6 32. Rd8 Ra1+ 33. Kh2
Kg7 34. Rxe8 Qf1 35. Qf8+ Kf6 36. Qh8+ Kf5 37. Qe5# 1-0

[Event "Women's Speed Chess Q1"]
[Site "chess.com INT"]
[Date "2020.06.18"]
[Round "8"]
[White "Pham, Bich Ngoc"]
[Black "Arabidze, Meri"]
[Result "1-0"]
[WhiteTitle "WIM"]
[BlackTitle "IM"]
[WhiteElo "2235"]
[BlackElo "2428"]
[WhiteFideId "12401285"]
[BlackFideId "13604040"]
[EventDate "2020.06.18"]

1. g3 d5 2. Bg2 e6 3. f4 Nf6 4. Nf3 Be7 5. O-O O-O 6. d3 c5 7. Nc3 Nc6 8. e4 b6
9. Qe2 Bb7 10. Kh1 a5 11. e5 Nd7 12. g4 Qb8 13. Nb5 a4 14. Be3 Ba6 15. c4 Bxb5
16. cxb5 Na7 17. d4 cxd4 18. Bxd4 Bc5 19. Rad1 Re8 20. Rfe1 Qc7 21. f5 exf5 22.
gxf5 Bxd4 23. Rxd4 Qc5 24. Red1 Qxb5 25. Qxb5 Nxb5 26. Rxd5 Nc5 27. Bf1 Nc7 28.
Rd6 Rab8 29. Rc6 N7a6 30. a3 b5 31. Rdd6 Ra8 32. Bxb5 Ne4 33. Rxa6 Nxd6 34. Rxa8
Rxa8 35. exd6 Kf8 36. Nd4 Rd8 37. d7 1-0

[Event "Women's Speed Chess Q1"]
[Site "chess.com INT"]
[Date "2020.06.18"]
[Round "8"]
[White "Nurmanova, Alua"]
[Black "Li, Xueyi"]
[Result "1-0"]
[WhiteTitle "WFM"]
[BlackTitle "WGM"]
[WhiteElo "2026"]
[BlackElo "2328"]
[WhiteFideId "13729390"]
[BlackFideId "8605912"]
[EventDate "2020.06.18"]

1. e4 c6 2. d4 d5 3. e5 Bf5 4. Nc3 e6 5. g4 Bg6 6. Nge2 h5 7. Nf4 Bh7 8. Nxh5 c5
9. Be3 Nc6 10. Nf4 Qb6 11. Na4 Qa5+ 12. c3 cxd4 13. Bxd4 Be4 14. Bg2 Bxg2 15.
Nxg2 Rc8 16. b4 Qd8 17. Nc5 b6 18. Nb3 Nge7 19. Qd2 Ng6 20. f4 a5 21. b5 Nxd4
22. Nxd4 Rc4 23. Nc6 Qd7 24. O-O Bc5+ 25. Kh1 Ne7 26. Nxe7 Qxe7 27. Rae1 g6 28.
Rf3 Qf8 29. Ne3 Bxe3 30. Qxe3 Qa3 31. Qxb6 Rc8 32. Qb7 O-O 33. Ree3 Qxa2 34. Qe7
Qb1+ 35. Kg2 Qc2+ 36. Rf2 Qd1 37. Qh4 Kg7 38. Rh3 1-0

[Event "Women's Speed Chess Q1"]
[Site "chess.com INT"]
[Date "2020.06.18"]
[Round "8"]
[White "Vakhania, Aleksandra"]
[Black "Tereladze, Sopiko"]
[Result "1-0"]
[WhiteTitle "WIM"]
[BlackTitle "WIM"]
[WhiteElo "2138"]
[BlackElo "2141"]
[WhiteFideId "13602560"]
[BlackFideId "13600486"]
[EventDate "2020.06.18"]

1. d4 d6 2. Nf3 Nd7 3. Bf4 Ngf6 4. Nc3 c5 5. Bg3 cxd4 6. Nxd4 a6 7. e4 e5 8. Nb3
Be7 9. Be2 O-O 10. O-O b5 11. f3 Bb7 12. Kh1 Nb6 13. a4 b4 14. Nb1 Rc8 15. c3 d5
16. Bxe5 dxe4 17. cxb4 Qxd1 18. Bxd1 Nc4 19. Bc3 Ne3 20. Re1 Nxd1 21. Rxd1 exf3
22. N1d2 fxg2+ 23. Kg1 Ng4 24. Re1 Bh4 25. Re2 Rce8 26. Rxg2 Bxg2 27. Kxg2 h5
28. Nd4 Bf6 29. N2f3 Re2+ 30. Nxe2 Ne3+ 31. Kg3 Be7 32. b5 axb5 33. axb5 Bd6+
34. Be5 Bc5 35. Rc1 Bb6 36. Rc6 1-0

[Event "Women's Speed Chess Q1"]
[Site "chess.com INT"]
[Date "2020.06.18"]
[Round "8"]
[White "Huda, Maryana"]
[Black "Batsiashvili, Nino"]
[Result "0-1"]
[WhiteTitle "WGM"]
[BlackTitle "GM"]
[WhiteElo "2128"]
[BlackElo "2457"]
[WhiteFideId "14116553"]
[BlackFideId "13602993"]
[EventDate "2020.06.18"]

1. e4 e5 2. Nf3 Nc6 3. d4 exd4 4. Nxd4 Nf6 5. Nc3 Bb4 6. Nxc6 bxc6 7. Bd3 O-O 8.
O-O d5 9. exd5 cxd5 10. Bg5 c6 11. Qf3 h6 12. Bxf6 Qxf6 13. Qxf6 gxf6 14. Ne2
Rb8 15. b3 c5 16. Ng3 Be6 17. Nf5 h5 18. Rad1 c4 19. bxc4 dxc4 20. Be4 c3 21.
Ne3 Rfd8 22. Nd5 f5 23. Bf3 Kg7 24. a4 a5 25. Nf4 h4 26. Nxe6+ fxe6 27. Rxd8
Rxd8 28. Rd1 Rd2 29. Rxd2 cxd2 30. Kf1 Kf6 31. Ke2 Ke5 32. Bc6 Kd6 33. Bb5 e5
34. h3 e4 35. f3 e3 36. Bd3 f4 37. Kd1 Kc5 38. Bb5 Bc3 39. Be2 Kb4 40. Bb5 Ka3
41. Bd7 Kb2 42. Bf5 e2+ 43. Kxe2 Kc1 0-1

[Event "Women's Speed Chess Q1"]
[Site "chess.com INT"]
[Date "2020.06.18"]
[Round "8"]
[White "Hernandez Bonilla, Amelia"]
[Black "Mohota, Nisha"]
[Result "0-1"]
[WhiteTitle "WFM"]
[BlackTitle "IM"]
[WhiteElo "2016"]
[BlackElo "2195"]
[WhiteFideId "3900193"]
[BlackFideId "5004330"]
[EventDate "2020.06.18"]

1. d4 Nf6 2. Nf3 d5 3. e3 e6 4. Bd3 b6 5. Nbd2 Bb7 6. Ne5 Bd6 7. f4 O-O 8. Qf3
Nc6 9. c3 Ne7 10. O-O g6 11. g4 Nd7 12. g5 f5 13. h4 Bxe5 14. fxe5 Kg7 15. Rf2
c5 16. Nf1 Nc6 17. Ng3 Qb8 18. Ne2 Ncxe5 19. dxe5 Nxe5 20. Qh3 Nxd3 21. Rh2 Qd8
22. Bd2 Ne5 23. Nf4 Qe7 24. Rf1 Rad8 25. Qg3 Nf7 26. Nh3 e5 27. h5 Rh8 28. h6+
Kf8 29. b4 Ke8 30. Rb1 c4 31. a4 Kd7 32. b5 Kc8 33. Bc1 Rhe8 34. Ra2 Nd6 35. a5
Ne4 36. Qe1 Nxg5 37. Nf2 Nf3+ 0-1

[Event "Women's Speed Chess Q1"]
[Site "chess.com INT"]
[Date "2020.06.18"]
[Round "8"]
[White "Millard, Charlotte"]
[Black "Monteiro, Sara Cristina da Silva"]
[Result "1-0"]
[WhiteTitle "WCM"]
[BlackTitle "WCM"]
[WhiteElo "1252"]
[BlackElo "1709"]
[WhiteFideId "14320363"]
[BlackFideId "1909860"]
[EventDate "2020.06.18"]

1. e4 d5 2. exd5 Qxd5 3. Nc3 Qa5 4. d4 e5 5. Nf3 Bg4 6. Be2 Nc6 7. O-O O-O-O 8.
Nxe5 Bxe2 9. Qxe2 Nxd4 10. Qe4 Nf6 11. Qf4 Bd6 12. Qxd4 Bxe5 13. Qe3 Rhe8 14.
Qh3+ Kb8 15. Bg5 h6 16. Bxf6 Bxf6 17. Rfd1 Rxd1+ 18. Rxd1 Bxc3 19. Qd7 Rc8 20.
bxc3 Qxc3 21. Qxf7 Qxc2 22. Ra1 Rd8 23. h3 a6 24. Qxg7 Rd2 25. Qxh6 Rxf2 26.
Qh8+ Ka7 27. Qd4+ c5 28. Qxf2 Qc3 29. Rb1 Qd3 30. Qxc5+ Ka8 31. Qc8+ Ka7 32.
Qxb7# 1-0